Top Iron Ore Producing Countries - Statistics

General Stats
  • This quiz has been taken 67 times
  • The average score is 12 of 16
Answer Stats
Hint Answer % Correct
48,000 United States
100%
54,000 Canada
96%
659,000 China
96%
99,000 Russia
96%
422,000 Brazil
93%
285,000 India
93%
880,000 Australia
91%
23,000 Mexico
82%
77,000 South Africa
68%
14,000 Chile
66%
15,000 Peru
64%
38,000 Iran
61%
43,000 Kazakhstan
61%
62,000 Ukraine
54%
37,000 Sweden
27%
13,300 Mauritania
16%
No matching quizzes found
Score Distribution
Percent of People with Each Score
Percentile by Number Answered
Your Score History
You have not taken this quiz